Statistics for Wendi McLendon-Covey Filmography

Click here to take the quiz!

General Stats

  • This quiz has been taken 6 times
    (2 since last reset)
  • The average score is 6 of 104

Answer Stats

TypeYearName% Correct
Film2011Bridesmaids
100%
Film2007Closing Escrow
50%
Film2007Cook Off!
50%
TV Show2012, 2013Modern Family
50%
TV Show2003-2008, 2020-PresentReno 911!
50%
Film2007Reno 911!: Miami
50%
Film2020 | TBASick Girl
50%
TV Show2013-PresentThe Goldbergs
50%
Film2012What to Expect When You're Expecting
50%
TV Show2009Wizards of Waverly Place
50%
Film201310 Rules for Sleeping Around
0%
TV Show200910 Things I Hate About You
0%
Film2013All American Christmas Carol
0%
TV Show2015-2016American Dad!
0%
Film2014A Merry Friggin' Christmas
0%
Film2016Army of One
0%
Film2021Barb and Star Go to Vista Del Mar
0%
Film2005Bewitched
0%
TV Show2018-PresentBig City Greens
0%
TV Show2021Birdgirl
0%
TV Special2012Blake Shelton's Not So Family Christmas
0%
TV Show2018Blaze and the Monster Machines
0%
Film2014Blended
0%
Film2019Blush
0%
TV Show2012, 2015, 2016, 2019Bob's Burgers
0%
Short Film2009Boutonniere
0%
Film2019Braking for Whales
0%
TV Show2021Celebrity Family Feud
0%
Short Film2012Christmas Is Ruined
0%
TV Show2011Cougar Town
0%
Short Film2009Creepshow Raw: Insomniac
0%
Web Series2020-2021Crossing Swords
0%
Film2014Cuban Fury
0%
Film2014Date and Switch
0%
Film2010Douchebag
0%
TV Show2015Fashion Police
0%
Web Series2008G.I.L.F.
0%
Film2007Goldfish
0%
Film2018Goosebumps 2: Haunted Halloween
0%
TV Show2008Greek
0%
Film2015Hello, My Name Is Doris
0%
Short Film2001Henry and Marvin
0%
Film2012Holiday Road
0%
TV Show2019Hollywood Medium
0%
TV Show2012Hot in Cleveland
0%
TV Show2011, 2013I Hate My Teenage Daughter
0%
Film2009Jesus People: The Movie
0%
TV Show2008Kath & Kim
0%
TV Pilot2012Kings of Van Nuys
0%
TV Show2016Last Week Tonight with John Oliver
0%
TV Mini-Series2015Long Live the Royals
0%
Film2021Long Weekend
0%
TV Show2006Lovespring International
0%
Film2017Mark Felt: The Man Who Brought Down the White House
0%
TV Show2015, 2019Mike Tyson Mysteries
0%
Film2019Mobians from Space
0%
Web Series2021M.O.D.O.K.
0%
TV Pilot2012Only Fools and Horses
0%
Film2008Over Her Dead Body
0%
Film2023Paint
0%
TV Show2016-2017Pickle and Peanut
0%
Film2023Prom Pact
0%
Short Film2010Public Relations
0%
TV Show2018, 2019, 2020Puppy Dog Pals
0%
TV Film2022Reno 911!: It's a Wonderful Heist
0%
Web Special2021Reno 911!: The Hunt for QAnon
0%
TV Show2015Repeat After Me
0%
TV Show2009Rise and Fall of Tuck Johnson
0%
TV Show2010-2013Rules of Engagement
0%
TV Show2019Schooled
0%
TV Show2006Sexiest...
0%
Web Series2020, 2021Solar Opposites
0%
Short Film2011Sometimes Pretty Girls
0%
Film2017Speech & Debate
0%
Film2009Spooner
0%
Film2010Starlight & Superfish
0%
Music Video2019Star Maps
0%
Film2018Status Update
0%
TV Show2011Svetlana
0%
Film2020Sylvie's Love
0%
TV Show2017Tales from Radiator Springs
0%
TV Show2022The $100,000 Pyramid
0%
Film2015The Breakup Girl
0%
TV Short2018The Goldbergs: 1900-Something
0%
TV Show2012The Looney Tunes Show
0%
Short Film2017The Mix Up
0%
Web Series2019The News Tank
0%
TV Show2008The Office
0%
TV Special2018The Oscars Opening Ceremony: Live from the Red Carpet
0%
Film2010The Search for Santa Paws
0%
Film2014The Single Moms Club
0%
TV Show2012-2015The Soup
0%
Film2014Think Like a Man Too
0%
TV Show2019Treat Yourself
0%
TV Show2014TripTank
0%
Film2010Tug
0%
TV Pilot2012Waffle Hut
0%
TV Show2012Wedding Band
0%
Film2019What Men Want
0%
TV Show2014Whose Line Is It Anyway?
0%
TV Show2004World Cup Comedy
0%
TV Show2008World's Dumbest
0%
Commercial2019Zytec
0%

Score Distribution

Percentile by Number Answered

Percent of People with Each Score

Your Score History

You have not taken this quiz since the last reset